|
|
|
|
| LEADER |
00000nab a2200000 a 4500 |
| 001 |
vtls000051599 |
| 003 |
SK-MaSNL |
| 005 |
20260304074315.0 |
| 008 |
250422c1979 xo 0 slo |
| 015 |
|
|
|a SNBRA19rr/mm-uuuuu
|
| 035 |
|
|
|a CL0061696
|
| 035 |
|
|
|a urn:nbn:sk:snk-abcywz
|
| 035 |
|
|
|a (urnnbn)urn:nbn:sk:snk:ar-007ndo
|
| 035 |
|
|
|a (uuid)24257b47-9a63-4c72-82af-bf02e5cac965
|
| 040 |
|
|
|a SNKBUCL
|b slo
|c SNKBUCL
|e AACR2
|
| 041 |
0 |
|
|a slo
|
| 044 |
|
|
|a xo
|c SK
|
| 080 |
|
|
|a 636.2
|2 1981
|
| 100 |
1 |
|
|a Frtús, Jozef
|4 aut
|9 544458
|
| 245 |
1 |
0 |
|a Vplyv plemenníkov na ukazovatele dojiteľnosti kríženiek slovenského strakatého a ayrshirského plemena
|c J. Frtús, V. Gago
|
| 300 |
|
|
|b Tb. 5. Res. rus., angl.
|
| 650 |
0 |
7 |
|a kravy
|2 snkbucl
|9 19691
|
| 650 |
0 |
7 |
|a dojivosť
|2 snkbucl
|9 336771
|
| 655 |
|
7 |
|a články zo zborníkov
|2 snkbucl
|9 166140
|
| 700 |
1 |
|
|a Gago, V.
|4 aut
|9 1338313
|
| 773 |
0 |
|
|t Vedecké práce Výskumného ústavu živočíšnej výroby Nitra
|d Bratislava : Príroda, 1979
|g S. 113-118
|
| 850 |
|
|
|a Slovenská národná knižnica
|
| 852 |
|
|
|a Slovenská národná knižnica
|
| 954 |
|
|
|a odborná, vedecká literatúra pôvodná (slovenská)
|2 lita
|
| 958 |
|
|
|a article17
|
| 958 |
|
|
|a OND
|
| 958 |
|
|
|a RK
|
| 958 |
|
|
|a EUIPO
|
| 992 |
|
|
|a RZB
|
| 999 |
|
|
|c 2775721
|d 2777651
|